The Countesse of Pembrokes Arcadia. Written by Sir Philip Sidney knight

Bibliographic Details
Main Author: Sidney, Philip, Sir, 1554-1586
Format: eBook
Language:English
Published: London : Imprinted by H. L[ownes] for Simon, Waterson, 1622.
Edition:Now the sixt time published.
Series:Early English books online.
Online Access:Connect to the full text of this electronic book

MARC

Tag First Indicator Second Indicator Subfields
LEADER 00000nam a2200000 4500
001 in00004228421
005 20200806095413.0
006 m g d
007 cr bn |||a|bb|
008 910115s1622 enk o 00| | eng d
035 |a (UnM)99839877 
037 |a CL0036000038  |b ProQuest. 789 E. Eisenhower Parkway, Ann Arbor, MI 48108-3218 
040 |a Cu-RivES  |c Cu-RivES  |d CStRLIN  |e dcrb  |d WaOLN 
100 1 |a Sidney, Philip,  |c Sir,  |d 1554-1586. 
240 1 0 |a Arcadia 
245 0 4 |a The Countesse of Pembrokes Arcadia. Written by Sir Philip Sidney knight 
250 |a Now the sixt time published. 
260 |a London :  |b Imprinted by H. L[ownes] for Simon, Waterson,  |c 1622. 
300 |a 1 online resource ([4], 588 pages) 
336 |a text  |b txt  |2 rdacontent 
337 |a computer  |b c  |2 rdamedia 
338 |a online resource  |b cr  |2 rdacarrier 
500 |a Printer's name from STC. 
500 |a With engraved title page. 
500 |a Pages 38, 42, 43, 157-68, 220, 225, 332, 352, 375 and 398 misnumbered 48, 43, 42, 357-68, 222, 215, 328, 357, 381 and 498; signature 2H3 missigned 2G3. 
500 |a Identified as STC 22546aa on UMI microfilm. 
500 |a Reproduction of original in the Central Library (Bristol, Eng.). 
510 4 |a STC (2nd edition)  |c 22545.7. 
533 |a Electronic reproduction.  |b Ann Arbor, Mich. :  |c UMI,  |d 1999-  |f (Early English books online)  |n Digital version of: (Early English books, 1475-1640 ; 1395:02)  |7 s1999 miun s 
830 0 |a Early English books online. 
856 4 0 |u http://proxy.library.tamu.edu/login?url=https://search.proquest.com/docview/2240902482  |z Connect to the full text of this electronic book  |t 0 
999 f f |s 9ab436d1-c2a1-336c-8176-36c0343080ce  |i af8552f3-516f-38e0-acb3-537078dde8c9  |t 0 
952 f f |a Texas A&M University  |b College Station  |c Electronic Resources  |d Available Online  |t 0  |h No information provided 
998 f f |t 0  |l Available Online